[Event "CZE-chT2C 1718"]
[Site "Czech Republic"]
[Date "2017.10.15"]
[Round "1.7"]
[White "Kozeny, Pavel"]
[Black "Kratochvil, Jakub"]
[Result "0-1"]
[WhiteElo "2060"]
[BlackElo "2091"]
[PlyCount "48"]
[EventDate "2017.10.15"]
[EventType "team-tourn"]
[EventRounds "11"]
[EventCountry "CZE"]
[SourceTitle "EXT 2022"]
[Source "ChessBase"]
[SourceDate "2021.10.06"]
[SourceVersion "1"]
[SourceVersionDate "2021.10.06"]
[SourceQuality "1"]
[WhiteTeam "Praha Eurovia"]
[BlackTeam "Pankrac II"]
[WhiteTeamCountry "CZE"]
[BlackTeamCountry "CZE"]

1. c4 Nf6 2. Nc3 g6 3. e4 d6 4. d4 Bg7 5. f4 c5 6. d5 0-0 7. Nf3 e6 8. Be2 exd5 9. cxd5 Re8 10. e5 dxe5 11. fxe5 Ng4 12. Bg5 Qb6 13. 0-0 Nxe5 14. Nxe5 Rxe5 15. Bf4 Re8 16. Nb5 c4+ 17. Kh1 Qxb5 18. Rc1 Qxb2 19. Bxc4 Bf5 20. d6 Nd7 21. Bxf7+ Kxf7 22. Rc7 Kg8 23. Bc1 Qe2 24. Qd5+ Be6 0-1

[Event "CZE-chT2A 1617"]
[Site "Czech Republic"]
[Date "2017.01.29"]
[Round "7.6"]
[White "Folk, Petr"]
[Black "Kratochvil, Jakub"]
[Result "1/2-1/2"]
[WhiteElo "2169"]
[BlackElo "2092"]
[PlyCount "81"]
[EventDate "2016.10.09"]
[EventType "team-tourn"]
[EventRounds "11"]
[EventCountry "CZE"]
[SourceTitle "EXT 2022"]
[Source "ChessBase"]
[SourceDate "2021.10.06"]
[SourceVersion "1"]
[SourceVersionDate "2021.10.06"]
[SourceQuality "1"]
[WhiteTeam "Kozolupy"]
[BlackTeam "Pankrac II"]
[WhiteTeamCountry "CZE"]
[BlackTeamCountry "CZE"]

1. e4 c5 2. Nf3 Nc6 3. d4 cxd4 4. Nxd4 g6 5. Nc3 Bg7 6. Be3 Nf6 7. Bc4 Qa5 8. 0-0 0-0 9. Nb3 Qc7 10. f4 d6 11. Be2 b6 12. Bf3 Bb7 13. Qe1 Ba6 14. Rf2 Rac8 15. Rd2 Rfe8 16. Rad1 Bc4 17. Qh4 Red8 18. Nd4 Nxd4 19. Bxd4 Ne8 20. Kh1 Bf6 21. Qg3 Bxd4 22. Rxd4 Nf6 23. Qh4 Ba6 24. Qh6 e5 25. R4d2 Qe7 26. f5 Bb7 27. Rd3 Rc4 28. b3 Rcc8 29. Qe3 Kg7 30. g4 h6 31. R1d2 Ba6 32. Nd5 Nxd5 33. Rxd5 Bb7 34. R5d3 Ba6 35. c4 g5 36. Rd1 Rc6 37. Qd2 f6 38. Kg2 Qc7 39. Kg3 Qe7 40. Rh1 Rh8 41. Rd5 1/2-1/2

[Event "Prague Pankrac Cup"]
[Site "Prague"]
[Date "2013.09.17"]
[Round "2"]
[White "Konopka, Michal"]
[Black "Kratochvil, Jakub"]
[Result "1-0"]
[WhiteElo "2416"]
[BlackElo "2141"]
[PlyCount "59"]
[EventDate "2013.09.10"]
[EventType "swiss"]
[EventRounds "8"]
[EventCountry "CZE"]
[SourceTitle "EXT 2014"]
[Source "ChessBase"]
[SourceDate "2013.11.20"]
[SourceVersion "1"]
[SourceVersionDate "2013.11.20"]
[SourceQuality "1"]

1. Nf3 d5 2. d4 e6 3. c4 c6 4. Qc2 Nf6 5. Nbd2 Nbd7 6. g3 Be7 7. Bg2 0-0 8. 0-0 b6 9. e4 dxc4 10. Nxc4 Ba6 11. Rd1 Bxc4 12. Qxc4 Nxe4 13. Qxc6 Ndf6 14. Ne5 Rc8 15. Qa4 Qc7 16. Be3 Qb7 17. Rac1 b5 18. Qb3 Qa6 19. Qd3 Nd6 20. Nc6 Rfe8 21. a4 Bf8 22. axb5 Qxb5 23. Nxa7 Qxd3 24. Rxd3 Rxc1+ 25. Bxc1 Rb8 26. Rc3 Nde4 27. Rc8 Rb4 28. Nc6 Rb7 29. Bf4 g5 30. Be5 1-0

[Event "Prague Golden op 9th"]
[Site "Prague"]
[Date "2013.06.23"]
[Round "1"]
[White "Kratochvil, Jakub"]
[Black "Zemlicka, Vit"]
[Result "1-0"]
[WhiteElo "2153"]
[BlackElo "2016"]
[PlyCount "81"]
[EventDate "2013.06.23"]
[EventType "swiss"]
[EventRounds "9"]
[EventCountry "CZE"]
[SourceTitle "CBM 155 Extra"]
[Source "ChessBase"]
[SourceDate "2013.08.26"]
[SourceVersion "1"]
[SourceVersionDate "2013.08.26"]
[SourceQuality "1"]

1. e4 e5 2. Nf3 Nc6 3. Bb5 a6 4. Ba4 Nf6 5. 0-0 Be7 6. Re1 b5 7. Bb3 0-0 8. d4 d6 9. c3 Bg4 10. d5 Na5 11. Bc2 c6 12. h3 Bd7 13. dxc6 Bxc6 14. Nbd2 Qc7 15. Nf1 h6 16. Ng3 Rfe8 17. Qe2 Bf8 18. Nh2 d5 19. Ng4 Nxe4 20. Nxe4 dxe4 21. Bxe4 Bxe4 22. Qxe4 Qc6 23. Qf5 Qe6 24. Qxe6 Rxe6 25. Rxe5 Rxe5 26. Nxe5 Re8 27. Nf3 Nc4 28. Kf1 Bc5 29. a4 b4 30. cxb4 Bxb4 31. b3 Na5 32. Be3 Bc3 33. Rc1 Bb2 34. Rc2 Ba3 35. Nd4 Rb8 36. Nc6 Nxc6 37. Rxc6 Rxb3 38. Rxa6 Rb2 39. Ra8+ Kh7 40. a5 Ra2 41. a6 1-0

[Event "CZE-chT2C 1213"]
[Site "Czech Republic"]
[Date "2013.03.03"]
[Round "10.2"]
[White "Taborsky, Rostislav"]
[Black "Kratochvil, Jakub"]
[Result "1-0"]
[WhiteElo "2254"]
[BlackElo "2140"]
[PlyCount "75"]
[EventDate "2012.10.14"]
[EventType "team-tourn"]
[EventRounds "11"]
[EventCountry "CZE"]
[SourceTitle "EXT 2015"]
[Source "ChessBase"]
[SourceDate "2014.11.20"]
[SourceVersion "1"]
[SourceVersionDate "2014.11.20"]
[SourceQuality "1"]
[WhiteTeam "Praha Bohemians II"]
[BlackTeam "Pankrac II"]
[WhiteTeamCountry "CZE"]
[BlackTeamCountry "CZE"]

1. d4 d5 2. c4 e6 3. Nf3 c5 4. e3 Nf6 5. Nc3 Nc6 6. a3 dxc4 7. Bxc4 a6 8. 0-0 Be7 9. dxc5 Qxd1 10. Rxd1 Bxc5 11. b4 Ba7 12. Bb2 Bd7 13. Ng5 b5 14. Be2 Ke7 15. Nge4 Nxe4 16. Nxe4 f6 17. Bf3 Rad8 18. Rac1 Bb6 19. Rxd7+ Kxd7 20. Nxf6+ gxf6 21. Rxc6 Rb8 22. Bxf6 Rhc8 23. Be5 Bc7 24. Bxc7 Rxc7 25. Rxc7+ Kxc7 26. g4 Rd8 27. Be4 h6 28. h4 Rd1+ 29. Kg2 Kd7 30. Bb7 Rd6 31. f4 Rb6 32. Be4 Ke7 33. g5 hxg5 34. fxg5 a5 35. h5 axb4 36. axb4 Ra6 37. h6 Kf7 38. Bh7 1-0

[Event "CZE-chT1W 1213"]
[Site "Czech Republic"]
[Date "2013.02.10"]
[Round "7.7"]
[White "Kratochvil, Jakub"]
[Black "Oresky, Jan"]
[Result "0-1"]
[WhiteElo "2140"]
[BlackElo "2255"]
[PlyCount "84"]
[EventDate "2012.10.28"]
[EventType "team-tourn"]
[EventRounds "11"]
[EventCountry "CZE"]
[SourceTitle "EXT 2014"]
[Source "ChessBase"]
[SourceDate "2013.11.20"]
[SourceVersion "1"]
[SourceVersionDate "2013.11.20"]
[SourceQuality "1"]
[WhiteTeam "Pankrac"]
[BlackTeam "Novoborsky II"]
[WhiteTeamCountry "CZE"]
[BlackTeamCountry "CZE"]

1. e4 c5 2. Nf3 d6 3. d4 cxd4 4. Nxd4 Nf6 5. Nc3 a6 6. Be3 e6 7. f3 b5 8. Qd2 Bb7 9. g4 Nfd7 10. 0-0-0 Nb6 11. Bd3 N8d7 12. Nb3 Rb8 13. Qf2 Be7 14. h4 0-0 15. g5 Na4 16. Nxa4 bxa4 17. Nd2 a3 18. b3 Qc7 19. Bd4 Ne5 20. Nc4 Nxd3+ 21. Rxd3 Bc6 22. Bb6 Qb7 23. Be3 d5 24. Na5 Qc7 25. Nxc6 Qxc6 26. exd5 exd5 27. Rhd1 Rfd8 28. Bd4 a5 29. Rc3 Qb5 30. Re3 Bf8 31. Qe2 Qc6 32. Rc3 Qb7 33. Be5 Rbc8 34. Rxc8 Rxc8 35. Qd3 Qc6 36. f4 a4 37. Kb1 axb3 38. cxb3 Bb4 39. Bd4 Bd6 40. Be5 Bxe5 41. fxe5 d4 42. Rf1 Qg2 0-1

[Event "Prague Pankrac Cup"]
[Site "Prague"]
[Date "2012.10.09"]
[Round "5"]
[White "Kratochvil, Jakub"]
[Black "Netusil, Miloslav"]
[Result "1/2-1/2"]
[WhiteElo "2164"]
[BlackElo "2323"]
[PlyCount "87"]
[EventDate "2012.09.11"]
[EventType "swiss"]
[EventRounds "8"]
[EventCountry "CZE"]
[SourceTitle "EXT 2014"]
[Source "ChessBase"]
[SourceDate "2013.11.20"]
[SourceVersion "1"]
[SourceVersionDate "2013.11.20"]
[SourceQuality "1"]

1. e4 e6 2. d4 d5 3. Nc3 Bb4 4. e5 c5 5. a3 Bxc3+ 6. bxc3 Ne7 7. Nf3 Bd7 8. a4 Nbc6 9. Be2 Qa5 10. Qd2 cxd4 11. cxd4 Qxd2+ 12. Bxd2 Nf5 13. Bc3 Rc8 14. Kd2 h5 15. Bd3 Nfe7 16. Rhb1 Rc7 17. Rb3 f6 18. a5 Kf7 19. Rab1 Bc8 20. Rb5 Rg8 21. g3 a6 22. Rc5 Bd7 23. Re1 Rgc8 24. exf6 gxf6 25. Nh4 Rh8 26. f4 f5 27. Nf3 Kf6 28. Bb2 Rhc8 29. Ne5 Nxe5 30. fxe5+ Kf7 31. Rxc7 Rxc7 32. Rb1 Nc6 33. Bc3 Na7 34. Be2 Kg6 35. Rb6 Bc6 36. Bb4 Kg5 37. Bc5 Rh7 38. h4+ Kg6 39. Ke3 Nc8 40. Rb1 Rd7 41. Kf4 Ne7 42. Rb6 Nc8 43. Rb1 Ne7 44. Rb6 1/2-1/2

[Event "Prague Pankrac Cup"]
[Site "Prague"]
[Date "2012.09.25"]
[Round "3"]
[White "Vokoun, Jan"]
[Black "Kratochvil, Jakub"]
[Result "0-1"]
[WhiteElo "2201"]
[BlackElo "2164"]
[PlyCount "60"]
[EventDate "2012.09.11"]
[EventType "swiss"]
[EventRounds "8"]
[EventCountry "CZE"]
[SourceTitle "EXT 2014"]
[Source "ChessBase"]
[SourceDate "2013.11.20"]
[SourceVersion "1"]
[SourceVersionDate "2013.11.20"]
[SourceQuality "1"]

1. d4 Nf6 2. Nf3 e6 3. Bg5 Be7 4. Nbd2 c5 5. e3 b6 6. c3 Bb7 7. Bd3 Nc6 8. a3 0-0 9. e4 d6 10. 0-0 Nd7 11. Be3 d5 12. exd5 exd5 13. Re1 Bf6 14. Bf5 cxd4 15. cxd4 Re8 16. Rc1 g6 17. Bd3 Rc8 18. Nb3 Nf8 19. Re2 Ne6 20. Rec2 Qd6 21. g3 Rc7 22. Bf1 Rce7 23. Qd3 a6 24. Rc3 Rc7 25. Qd2 Rec8 26. Bh3 Re7 27. Na1 Na7 28. Bf4 Nxf4 29. Bxc8 Ne2+ 30. Kf1 Nxc3 0-1

[Event "Ricany op"]
[Site "Ricany"]
[Date "2012.08.27"]
[Round "3"]
[White "Pavlicek, Petr"]
[Black "Kratochvil, Jakub"]
[Result "1/2-1/2"]
[WhiteElo "2001"]
[BlackElo "2152"]
[PlyCount "99"]
[EventDate "2012.08.26"]
[EventType "swiss"]
[EventRounds "9"]
[EventCountry "CZE"]
[SourceTitle "CBM 150 Extra"]
[Source "ChessBase"]
[SourceDate "2012.10.19"]
[SourceVersion "1"]
[SourceVersionDate "2012.10.19"]
[SourceQuality "1"]

1. e4 e5 2. Bc4 Nf6 3. d3 Nc6 4. Nf3 Bc5 5. c3 d6 6. Bb3 a6 7. 0-0 h6 8. h3 0-0 9. Nbd2 Re8 10. Re1 Be6 11. Nf1 Ba7 12. Be3 d5 13. Bxa7 Rxa7 14. Ng3 g6 15. Qe2 Ra8 16. Rad1 d4 17. Bxe6 Rxe6 18. c4 Nd7 19. Qd2 Kg7 20. Nh2 Qg5 21. Nf3 Qe7 22. Nh2 Qg5 23. Nf3 Qxd2 24. Rxd2 a5 25. b3 a4 26. Rb1 axb3 27. axb3 Nb4 28. Ne1 Nc5 29. Ne2 Rea6 30. Nc1 f5 31. f3 f4 32. Kf2 g5 33. Ke2 h5 34. Rdb2 Rb6 35. Nc2 Nxc2 36. Rxc2 Rb4 37. Rcb2 Ra3 38. Kf2 Kf6 39. Ke2 Kg6 40. Kf2 Ra6 41. Ke2 Rab6 42. Kd2 Kf6 43. Kc2 Ra6 44. Ra2 Rbb6 45. Rba1 Rxa2+ 46. Rxa2 Na6 47. Ra5 Nb4+ 48. Kd2 c6 49. Ra8 Ra6 50. Rf8+ 1/2-1/2

[Event "CZE-chT rap"]
[Site "Pardubice"]
[Date "2012.07.14"]
[Round "4.4"]
[White "Vedral, Oldrich"]
[Black "Kratochvil, Jakub"]
[Result "0-1"]
[WhiteElo "2291"]
[BlackElo "2136"]
[PlyCount "122"]
[EventDate "2012.07.12"]
[EventType "team-swiss"]
[EventRounds "7"]
[EventCountry "CZE"]
[SourceTitle "EXT 2013"]
[Source "ChessBase"]
[SourceDate "2012.11.22"]
[SourceVersion "1"]
[SourceVersionDate "2012.11.22"]
[SourceQuality "1"]

1. d4 Nf6 2. c4 e6 3. Nf3 b6 4. g3 Bb7 5. Bg2 Be7 6. 0-0 0-0 7. Nc3 Ne4 8. Qc2 Nxc3 9. Qxc3 c5 10. Rd1 Nc6 11. dxc5 bxc5 12. Qd2 d6 13. b3 Bf6 14. Bb2 Bxb2 15. Qxb2 Qe7 16. Rd2 Rfd8 17. Rad1 Rd7 18. a3 a5 19. Rd3 Rad8 20. Qc3 h6 21. e3 Ba8 22. Ne1 Ne5 23. R3d2 Bxg2 24. Kxg2 Nc6 25. f4 d5 26. Nf3 d4 27. exd4 cxd4 28. Qb2 Qc5 29. Ne1 e5 30. Nd3 Qd6 31. fxe5 Nxe5 32. Nxe5 Qxe5 33. Re2 Qc5 34. Rd3 a4 35. bxa4 Qxc4 36. Qb5 Qd5+ 37. Qxd5 Rxd5 38. Rb2 g6 39. Kf3 Kg7 40. Rb5 f5 41. Ke2 Kf6 42. Rxd5 Rxd5 43. Rb3 Kg5 44. Kd3 Kg4 45. Rb4 Kh3 46. Rxd4 Ra5 47. Rh4+ Kg2 48. Kc3 g5 49. Rxh6 Rxa4 50. Kb3 Re4 51. Rf6 f4 52. gxf4 gxf4 53. h4 f3 54. Rg6+ Kf1 55. h5 f2 56. h6 Ke1 57. h7 f1Q 58. h8Q Qc4+ 59. Kb2 Re2+ 60. Kb1 Qc2+ 61. Ka1 Qa2# 0-1